Arte de la correspondencia comercial, ó, Modelos de cartas para toda especie de operaciones mercantiles. Para el uso de los que se destinan al comercio = Art de la correspondance commerciale, ou modéles de lettres pour toutes sortes d'operations mercantiles. A l'usage des personnes qui se destinent au commerce

Detalles Bibliográficos
Formato: Libro
Publicado: Burdeos = a Bordeaux 1824
Edición:Segunda edicion = Seconde édition
Materias:
Colección:Banco de datos
Acervo:Biblioteca Pública Central del Estado de Durango. Lic. José Ignacio Gallegos Caballero. Colección José Fernando Ramírez
Descripción Física:273 p. 8°
Tema general:Comercio
Notas:Portada con pleca y monograma del impresor en grabado xilográfico. Título de la anteportada: Arte de la correspondencia comercial = Art de la correspondance commerciale. Texto en español y frances. Encuadernación en cartón con lomo en piel. Sello en tinta de la Biblioteca Pública del Estado de Durango. Daños de polilla y en la encuadernación
LEADER 01357nam a22001810004500
035 |a 1919 
041 0 |a spa/fre 
245 1 0 |a Arte de la correspondencia comercial, ó, Modelos de cartas para toda especie de operaciones mercantiles. Para el uso de los que se destinan al comercio = Art de la correspondance commerciale, ou modéles de lettres pour toutes sortes d'operations mercantiles. A l'usage des personnes qui se destinent au commerce 
250 |a Segunda edicion = Seconde édition 
260 |a Burdeos = a Bordeaux  |b en la imprenta de Don Pedro Beaume = chez P. Baume, impremeur-libraire  |c 1824 
300 |a 273 p.  |c 8° 
500 |a Portada con pleca y monograma del impresor en grabado xilográfico. Título de la anteportada: Arte de la correspondencia comercial = Art de la correspondance commerciale. Texto en español y frances. Encuadernación en cartón con lomo en piel. Sello en tinta de la Biblioteca Pública del Estado de Durango. Daños de polilla y en la encuadernación 
650 1 0 |a Comercio 
740 0 |a Modelos de cartas para toda especie de operaciones mercantiles = Modeles de lettres pour toutes sortes d'operations mercantiles 
949 |a CR. 4142 
942 |c DURANRAM 
943 |g Biblioteca Pública Central del Estado de Durango. Lic. José Ignacio Gallegos Caballero. Colección José Fernando Ramírez 
999 |c 1078849  |d 1078849